| 000 | 00391cam a22001097a 4500 | ||
|---|---|---|---|
| 008 | 180718b1954 xxu||||| |||| 00| 0 eng d | ||
| 082 | _aI5001 T39/1952 | ||
| 245 |
_aDescriptive memoir of the Ministry of Commerce and Industry, June 1952 _cby Ministry of Home Affairs, India |
||
| 260 |
_aNew Delhi _bMinistry of Home Affairs _c1954 |
||
| 300 | _a70+p. | ||
| 700 | _aIndia. Ministry of Home Affairs | ||
| 999 |
_c491283 _d491283 |
||